000 00209 a2200097 4500
001 59846
100 _a
245 _aPhysics; At a glance
260 _aLondon
_bManson Publishing
_c2009
090 _c36680
_d36680
942 _aNUST-CAE
_c
_c29647
999 _c294919
_d294919